Cases in marketing research
Na minha lista:
| Principais autores: | , |
|---|---|
| Formato: | Livro |
| Idioma: | inglês |
| Publicado em: |
Englewood Cliffs
Prentice-Hall
1983
|
| Assuntos: | |
| Tags: |
Adicionar Tag
Sem tags, seja o primeiro a adicionar uma tag!
|
MARC
| LEADER | 00000nam a2200000 a 4500 | ||
|---|---|---|---|
| 001 | UCQ1160 | ||
| 003 | CL-VaPUC | ||
| 008 | 980709e19830000us |||||||||||||||||eng|d | ||
| 082 | 0 | 4 | |a 658.83 |b DEB |2 21 |
| 100 | 0 | |a DeBruicker, F. Stewart |e author |9 414784 | |
| 700 | 0 | |a Reibstein, David J |e author |9 414785 | |
| 245 | 1 | 0 | |a Cases in marketing research |
| 300 | |a 396 p | ||
| 942 | |c BK | ||
| 945 | |d 19980709 00:00:00 |a cmena | ||
| 260 | |a Englewood Cliffs |b Prentice-Hall |c 1983 | ||
| 650 | 0 | |a Investigación de mercado |9 332310 | |
| 650 | 0 | |a Marketing |9 259324 | |
| 650 | 0 | |a Opinión pública |9 255512 | |
| 650 | 7 | |a CONSMIDORES |2 CL-VaPUC |9 414786 | |
| 650 | 7 | |a PRODUCTOS |2 CL-VaPUC |9 338640 | |
| 583 | |a last modification |c 20150428 03:53:10 |k Rodrigo Vera | ||
| 999 | |c 272164 |d 272162 | ||
| 952 | |0 0 |1 0 |4 0 |6 658_830000000000000_DEB_1983 |7 0 |8 A |9 307036 |a BIBGIM |b BIBGIM |d 2019-11-20 |i 1433806 |o 658.83 DEB 1983 |p 1433806 |r 2025-01-15 |w 2019-11-20 |y BK |k COM | ||
| 952 | |0 0 |1 0 |4 0 |6 658_830000000000000_DEB_1983 |7 0 |8 A |9 307037 |a BIBGIM |b BIBGIM |d 2019-11-20 |i 1433814 |o 658.83 DEB 1983 |p 1433814 |r 2025-01-15 |w 2019-11-20 |y BK |k COM | ||